EPR spectra of genuine-organic and metal-organic ECNQ-based anion radicla salts

Podrobná bibliografia
Hlavní autori: Botko, M. (Author), Čižmár, E. (Author), Krajňáková, M. (Author), Feher, A. (Author)
Médium: Článok
Jazyk:English
Témy:
Zdroj: 1. 15 th Czech and Slovak Conference on Magnetism CSMAG´13 1. Košice : Pavol Jozef Šafárik University in Košice 1. S. 213 1. 9788081520150
LEADER 01458nab#a2200445#ar4500
001 000124921
003 SVKKK
005 20181217075738.0
008 181217c2013 xo |||||||||||||||b|eng
FMT
015 |a SNBRB2018/12 
038 |a SVKKK 
040 |a SVKKK  |b slo  |e AACR2 
041 0 |b eng 
044 |a xo  |c SK 
080 |a 54‑38  |x (048.3)  |2 2011 
080 |a 543.429.22  |2 2011 
080 |a 537.621.4  |2 2011 
090 |a III.228989 
242 1 0 |a EPR spektrum pravých-organických a kovovo-organických anionových radikálových solí na báze ECNQ  |y slo 
245 0 0 |a EPR spectra of genuine-organic and metal-organic ECNQ-based anion radicla salts  |c M. Botko ... [et al.] 
546 |a Res. angl. 
611 2 4 |a Czech and Slovak Conference on Magnetism CSMAG´13  |g vedecká konferencia  |n (15. :  |d 17.-21.7.2013 :  |c Košice, Slovensko) 
650 0 4 |a aniónové radikálové soli 
650 0 4 |a elektrónové paramagnetické spektrum  |x teplotné správanie 
650 0 4 |a magnetická susceptibilita 
650 0 4 |a abstrakty 
700 1 |a Botko, M.  |4 aut 
700 1 |a Čižmár, E.  |4 aut 
700 1 |a Krajňáková, M.  |4 aut 
700 1 |a Feher, A.  |4 aut 
773 0 |t 15 th Czech and Slovak Conference on Magnetism CSMAG´13  |d Košice : Pavol Jozef Šafárik University in Košice  |g S. 213  |x 9788081520150 
974 |a DZA 
992 |a RZB 
BAS
BAS
852 |a SVKKK  |b BIB 
EXP
998 |a REG 
998 |a REG